Society and culture in Bangladesh / (Record no. 11563)
[ view plain ]
| 000 -LEADER | |
|---|---|
| fixed length control field | 00640nam a22002177a 4500 |
| 001 - CONTROL NUMBER | |
| control field | 11563 |
| 003 - CONTROL NUMBER IDENTIFIER | |
| rucl marc code | BD-RjUL |
| 005 - DATE AND TIME OF LATEST TRANSACTION | |
| control field | 20211208235139.0 |
| 008 - FIXED-LENGTH DATA ELEMENTS--GENERAL INFORMATION | |
| fixed length control field | 140127s1990 xxu||||| |||| 00| 0 eng d |
| 035 ## - SYSTEM CONTROL NUMBER | |
| System control number | (BD-RjUL)11612 |
| 040 ## - CATALOGING SOURCE | |
| Original cataloging agency | BD-RjUL |
| Language of cataloging | eng |
| Transcribing agency | BD-RjUL |
| Modifying agency | BD-RjUL |
| 041 ## - LANGUAGE CODE | |
| Language code of text/sound track or separate title | eng |
| 082 04 - DEWEY DECIMAL CLASSIFICATION NUMBER | |
| Edition number | 19 |
| Classification number | 306.095492 |
| Author mark and year | AFS 1990 |
| 100 1# - MAIN ENTRY--PERSONAL NAME | |
| Personal name | Afsaruddin, Mohammad |
| 9 (RLIN) | 35780 |
| 245 ## - TITLE STATEMENT | |
| Title | Society and culture in Bangladesh / |
| Statement of responsibility, etc. | Mohammad Afsaruddin. |
| 260 ## - PUBLICATION, DISTRIBUTION, ETC. (IMPRINT) | |
| Place of publication, distribution, etc. | Dhaka : |
| Name of publisher, distributor, etc. | Book house, |
| Date of publication, distribution, etc. | 1990 |
| 300 ## - PHYSICAL DESCRIPTION | |
| Pagination | xi, 171 p. ; |
| Size | 22 cm. |
| 504 ## - BIBLIOGRAPHY, ETC. NOTE | |
| Bibliography, etc | Includes bibliography. |
| 650 #7 - SUBJECT ADDED ENTRY--TOPICAL TERM | |
| Topical term or geographic name as entry element | Bangladesh -- Social life and customs. |
| 9 (RLIN) | 35781 |
| 942 ## - ADDED ENTRY ELEMENTS (KOHA) | |
| Source of classification or shelving scheme | Dewey Decimal Classification |
| Koha item type | Books |
| Lost status | Source of classification or shelving scheme | Damaged status | Not for loan | Permanent Location | Current Location | Shelving location | Date acquired | Source of acquisition | Cost, normal purchase price | Total Checkouts | Full call number | Date last seen | Copy number | Koha item type | Collection code |
|---|---|---|---|---|---|---|---|---|---|---|---|---|---|---|---|
| Dewey Decimal Classification | Central Library, University of Rajshahi | Central Library, University of Rajshahi | 13/06/1991 | N. A. RU. | 200.00 | 306.095492 AFS 1990 | 27/01/2014 | C-2 | Books | ||||||
| Dewey Decimal Classification | Not For Loan | Central Library, University of Rajshahi | Central Library, University of Rajshahi | Reading Room | 18/01/1993 | Asraf Uddin Dhaka | 200.00 | 306.095492 AFS 1990 | 10/05/2014 | C-1 | Books | Non-fiction | |||
| Dewey Decimal Classification | Central Library, University of Rajshahi | Central Library, University of Rajshahi | 18/01/1993 | Asraf Uddin Dhaka | 200.00 | 306.095492 AFS 1990 | 10/05/2014 | C-3 | Books | Non-fiction | |||||
| Dewey Decimal Classification | Central Library, University of Rajshahi | Central Library, University of Rajshahi | 18/01/1993 | Asraf Uddin Dhaka | 200.00 | 306.095492 AFS 1990 | 10/05/2014 | C-5 | Books | Non-fiction | |||||
| Dewey Decimal Classification | Central Library, University of Rajshahi | Central Library, University of Rajshahi | 18/01/1993 | Asraf Uddin, Dhaka | 200.00 | 306.095492 AFS 1990 | 11/05/2014 | C-6 | Books | Non-fiction | |||||
| Dewey Decimal Classification | Central Library, University of Rajshahi | Central Library, University of Rajshahi | 13/06/1991 | M. A. Quraise | 306.095492 AFS 1990 | 15/05/2014 | C-4 | Books | Non-fiction | ||||||
| Dewey Decimal Classification | Central Library, University of Rajshahi | Central Library, University of Rajshahi | 13/06/1991 | N.S.U. Book Shop | 200.00 | 306.095492 AFS 1990 | 17/04/2017 | C-7 | Books | Non-fiction |